[Event "Naleczow"]
[Site "Naleczow"]
[Date "1988.??.??"]
[Round "1"]
[White "Paunovic, Tomislav"]
[Black "Wojtkiewicz, Aleksander"]
[Result "0-1"]
[WhiteElo "2420"]
[BlackElo "2420"]

1.d4 Nf6 2.c4 c5 3.d5 g6 4.Nc3 d6 5.Nf3 Bg7 6.e4 O-O 7.Bg5 h6 8.Bf4 Re8 9.Be2 e6
10.dxe6 Bxe6 11.Qxd6 Qa5 12.Qd2 Nc6 13.O-O Rad8 14.Nd5 Nxe4 15.Qxa5 Nxa5
16.Bc7 Nxc4 17.Bxd8 Bxd5 18.Rad1 Be6 19.Bd3 f5 20.b3 Nb2 21.Bb5 Rf8 22.Bd7 Kf7
23.Bh4 Nxd1 24.Bxe6+ Kxe6 25.Rxd1 Bd4 26.Be7 Rg8  0-1

[Event "Naleczow"]
[Site "Naleczow"]
[Date "1988.??.??"]
[Round "4"]
[White "Wojtkiewicz, Aleksander"]
[Black "Szymczak, Zbigniew"]
[Result "1-0"]
[WhiteElo "2420"]
[BlackElo "2340"]

1.e4 e5 2.Nf3 Nc6 3.Bc4 Bc5 4.O-O Nf6 5.d3 d6 6.c3 O-O 7.Nbd2 a6 8.Bb3 Ba7
9.h3 Be6 10.Re1 Bxb3 11.Qxb3 Rb8 12.Nc4 Nd7 13.Bg5 Qe8 14.Nh4 Nc5 15.Qc2 b5
16.Nd2 Ne6 17.Be3 Bxe3 18.fxe3 g6 19.d4 Ng7 20.a4 Qd8 21.axb5 axb5 22.Nhf3 b4
23.Ra6 bxc3 24.bxc3 Rb6 25.Rxb6 cxb6 26.Rb1 Qc7 27.Qb3 Na5 28.Qxb6 Qxc3 29.Kh2 Ne6
30.Qxd6 Qxe3 31.d5 Nd4 32.Rb8 Nxf3+ 33.Nxf3 Qf4+ 34.Kh1 Rxb8 35.Qxb8+ Kg7
36.Qb5 Qc1+ 37.Ng1 Qd2 38.d6 Kf6 39.Qd7 Nc4 40.Qe7+ Kg7 41.d7  1-0

[Event "Naleczow"]
[Site "Naleczow"]
[Date "1988.??.??"]
[Round "5"]
[White "Pandavos, Emanouel"]
[Black "Wojtkiewicz, Aleksander"]
[Result "1-0"]
[WhiteElo "2410"]
[BlackElo "2420"]

1.e4 g6 2.d4 Bg7 3.Nf3 d6 4.Be2 Nd7 5.O-O e5 6.c3 Ngf6 7.Qc2 O-O 8.dxe5 dxe5
9.Bg5 h6 10.Bxf6 Qxf6 11.Nbd2 Qe7 12.Rad1 a5 13.Nc4 Nc5 14.b4 axb4 15.cxb4 Ne6
16.Rb1 Nf4 17.Ne3 Nxe2+ 18.Qxe2 Be6 19.Nd5 Bxd5 20.exd5 Rfd8 21.Qc4 Rd7 22.Rfd1 Kh7
23.Rd2 f5 24.Rbd1 Rad8 25.b5 Rd6 26.Ne1 e4 27.Nc2 Be5 28.g3 h5 29.Ne3 f4
30.Nf1 e3 31.fxe3 fxg3 32.hxg3 Rf8 33.Qe4 Rdf6 34.Rh2 Kg7 35.Rg2 Rf5 36.a4 b6
37.Rc1 Qf6 38.Nh2 Rf2 39.Rc2 Bxg3 40.Rgxf2 Bxf2+ 41.Kg2 Be1 42.Rxc7+ Kh6
43.Nf3 Bb4 44.Qf4+ Qxf4 45.exf4 Rxf4 46.Rc6 Rf5 47.Nh4 Rg5+ 48.Kh3 Be1 49.Rxb6 Bxh4
50.Kxh4 Rg4+ 51.Kh3 Rxa4 52.Rb8 Kg5 53.b6 Ra3+ 54.Kg2 h4 55.b7 Rb3 56.d6 h3+
57.Kg1 Kg4 58.d7 Kg3 59.Kf1 Rf3+ 60.Ke2 Rf2+ 61.Ke3 Rf3+ 62.Kd4 Rf4+ 63.Kc5 Rf5+
64.Kb6  1-0

[Event "Naleczow"]
[Site "Naleczow"]
[Date "1988.??.??"]
[Round "6"]
[White "Wojtkiewicz, Aleksander"]
[Black "Petkevich, Jusefs"]
[Result "1/2-1/2"]
[WhiteElo "2420"]
[BlackElo "2465"]

1.d4 Nf6 2.c4 g6 3.Nc3 Bg7 4.e4 d6 5.Be2 O-O 6.Nf3 e5 7.dxe5 dxe5 8.Qxd8 Rxd8
9.Bg5 Na6 10.Nd5 Rd6 11.Bxf6 Bxf6 12.Nxf6+ Rxf6 13.Nxe5 Re6 14.Ng4 h5 15.Ne3 Rxe4  1/2-1/2

[Event "Naleczow"]
[Site "Naleczow"]
[Date "1988.??.??"]
[Round "7"]
[White "Barbulescu, Dan"]
[Black "Wojtkiewicz, Aleksander"]
[Result "0-1"]
[WhiteElo "2445"]
[BlackElo "2420"]

1.e4 c5 2.Nf3 d6 3.d4 cxd4 4.Nxd4 Nf6 5.Nc3 a6 6.Be2 e6 7.O-O Be7 8.f4 O-O
9.Kh1 Qc7 10.a4 Rd8 11.Be3 Nc6 12.Bd3 Nxd4 13.Bxd4 e5 14.Be3 Be6 15.a5 Qc6
16.f5 Bc4 17.Bxc4 Qxc4 18.Bg5 d5 19.Bxf6 Bxf6 20.Ra4 Qc6 21.exd5 Qd7 22.Qg4 Kh8
23.Rc4 Rac8 24.Rxc8 Rxc8 25.Qb4 Be7 26.Qb3 Rc5 27.Rd1 Rxa5 28.d6 Bd8 29.Qb4 h6
30.h3 Kg8 31.b3 Qc6 32.d7 Rc5 33.Ne4 Rxc2 34.Rd6 Qc7 35.f6 gxf6 36.Nxf6+ Bxf6
37.Qg4+ Kf8 38.Rxf6 Ke7 39.Rxf7+ Kxf7 40.d8=Q Rc1+ 41.Qdd1 Rxd1+ 42.Qxd1 Ke7
43.Qd5 Kf6 44.Qf3+ Ke7 45.Qd5 a5 46.Qg8 Qc1+ 47.Kh2 Qf4+ 48.Kh1 b6 49.Qc8 Qd4
50.Qc7+ Kf6 51.Qc6+ Kg5 52.Qe6 Qe3 53.Kh2 Qf4+ 54.Kh1 b5 55.Qg8+ Kh4 56.Qd8+ Kg3
57.Qd3+ Kf2 58.Qc2+ Ke1 59.Qc3+ Ke2 60.Qxa5 e4 61.Qxb5+ Kf2 62.Qc5+ e3 63.b4 Qe4
64.Qf8+ Ke1 65.Qxh6 Kd1 66.Qd6+ Kc2 67.Qa6 e2 68.Qa2+ Kc3 69.Qa1+ Kb3 70.Qe1 Kc2
71.b5 Qd3 72.Kg1 Qe3+ 73.Qf2 Kd3  0-1

[Event "Naleczow"]
[Site "Naleczow"]
[Date "1988.??.??"]
[Round "8"]
[White "Tomaszewski, Roman"]
[Black "Wojtkiewicz, Aleksander"]
[Result "1/2-1/2"]
[WhiteElo "2360"]
[BlackElo "2420"]

1.d4 Nf6 2.c4 c5 3.Nf3 cxd4 4.Nxd4 e6 5.g3 d5 6.Bg2 e5 7.Nf3 d4 8.O-O Nc6
9.e3 Bc5 10.exd4 exd4 11.Re1+ Be6 12.Ng5 O-O 13.Nxe6 fxe6 14.Nd2 e5 15.Ne4 Qb6
16.Qb3 Nxe4 17.Qxb6 axb6 18.Bxe4 d3 19.Be3 Nb4 20.Red1 Rad8 21.a3 Bxe3 22.fxe3 Nc2
23.Rac1 Nxe3 24.Rxd3 Rxd3 25.Bxd3 Rd8 26.Be4 Rd7 27.Rc3 Ng4 28.Bd5+ Kf8 29.Rb3 Rd6
30.h3 Nf6 31.Bxb7 Ke7 32.Re3 Rd1+ 33.Kf2 Kd6 34.Rb3 Kc7 35.Ke2 Rc1 36.Bd5 e4
37.Kd2 Rg1 38.g4 h6 39.Re3 h5 40.gxh5 Nxd5 41.cxd5 Rg5 42.Rc3+ Kd7 43.Ke3 Rxd5
44.Kxe4 Rxh5 45.Rg3 Kc6 46.Kf4 Rh6 47.Kg5 Rd6 48.h4 Rd2 49.b3 Rd6 50.h5 Kb5
51.Kf5 Rf6+ 52.Ke5 Rc6 53.Rg5 Ka6 54.Kf4 Rf6+ 55.Kg4 Rf1 56.b4 Rf2 57.Kg3 Rf1
58.Kg2 Rf7 59.a4 Rf4 60.b5+ Ka5 61.Rxg7 Kxa4 62.Rg5 Ka5 63.Kg3 Rd4 64.Rf5 Re4
65.Kf3 Rd4 66.Ke3 Rg4 67.Re5 Rh4 68.Kd3 Rg4 69.Rd5 Rf4 70.Kc3 Rh4 71.Kd3 Rf4
72.Ke3 Rg4 73.Kf3 Rh4 74.Re5 Rc4 75.Rd5 Rh4 76.Kg2 Rg4+ 77.Kh3 Rf4 78.Re5 Rd4
79.Rf5 Re4 80.Rd5 Rf4 81.Re5  1/2-1/2

[Event "Naleczow"]
[Site "Naleczow"]
[Date "1988.??.??"]
[Round "9"]
[White "Wojtkiewicz, Aleksander"]
[Black "Hawelko, Marek"]
[Result "1/2-1/2"]
[WhiteElo "2420"]
[BlackElo "2410"]

1.e4 e5 2.Nf3 Nc6 3.Bc4 Nf6 4.d3 Bc5 5.O-O a6 6.c3 Ba7 7.Nbd2 O-O 8.Bb3 d6
9.h3 h6 10.Re1 Nh5 11.Nf1 Qf6 12.Be3 Be6 13.Bxa7 Rxa7 14.d4 Bxb3 15.axb3 Nf4
16.Kh2 Ng6 17.g3 Nce7 18.h4 Qe6 19.h5 Nh8 20.dxe5 dxe5 21.Ne3 Raa8 22.Nh4 Rad8
23.Qc2 f6 24.Rad1 Nf7 25.Kg2 Ng5 26.Nhf5 Nxf5 27.Nxf5 Qf7 28.Rxd8 Rxd8 29.Rd1 Rxd1
30.Qxd1 Kh7 31.b4 Qc4 32.f3 Qf7 33.g4 Qc4 34.Kg3 Ne6 35.Ne3 Qc6 36.Nd5 Qd6
37.Qe2 Kg8 38.Qc4 Kf8 39.Ne3 c6 40.Nf5 Qd7 41.Qe2 Nf4 42.Qc2 Qd3 43.Qxd3 Nxd3
44.Nd6 b5 45.Nb7 Ke7 46.Nc5 Nxc5 47.bxc5 a5 48.Kf2 Ke6 49.Ke3 Kf7 50.f4 exf4+
51.Kxf4 Ke6 52.Kf3 Ke5 53.Ke3 a4 54.Kf3 b4 55.cxb4 Kd4 56.Kf4 Kc4 57.Kf5 Kxb4
58.Kg6 Kb3 59.Kxg7 Kxb2 60.g5 hxg5 61.h6 a3 62.h7 a2 63.h8=Q a1=Q 64.Kxf6 Qg1
65.Ke6+ Kb3  1/2-1/2

[Event "Naleczow"]
[Site "Naleczow"]
[Date "1988.??.??"]
[Round "11"]
[White "Wojtkiewicz, Aleksander"]
[Black "Przewoznik, Jan"]
[Result "1/2-1/2"]
[WhiteElo "2420"]
[BlackElo "2370"]

1.Nf3 Nf6 2.c4 e6 3.g3 d5 4.b3 Be7 5.Bg2 O-O 6.O-O c5 7.Bb2 Nc6 8.e3 b6 9.Qe2 Bb7
10.Nc3 dxc4 11.bxc4 Qc7 12.d3 Rfd8 13.Rfd1 a6 14.Rab1 Rab8 15.Ba1 Na7 16.Qc2 Bc6
17.a4 Nd7 18.Qe2 b5 19.axb5 axb5 20.cxb5 Nxb5 21.Nxb5 Bxb5 22.Qc2 Qa5 23.Nd2 Qa6
24.Ne4 Ba4 25.Qc3 Nf6 26.Rxb8 Rxb8 27.Rc1 Rb3 28.Qe5 Qxd3 29.Nxc5 Bxc5 30.Qxc5 Rb1
31.Qc8+ Ne8 32.Bf1 Rxc1 33.Qxc1 Qc2 34.Qxc2 Bxc2 35.f3 Bb3 36.Kf2 f6 37.e4 Kf7
38.Bc3 e5 39.Bb5 Nd6 40.Bc6 Be6 41.h4 g6 42.g4 h6 43.g5 hxg5 44.hxg5 Bc4
45.f4 Ke6 46.fxe5 fxe5 47.Kg3 Bb3 48.Bb4 Nf7 49.Kg4 Bd1+ 50.Kh4 Bb3 51.Bf8 Bc4
52.Bg7 Bb3 53.Bf6 Nd6 54.Kg3 Bc4 55.Kf3 Bb3 56.Ke3 Ba2 57.Ba4 Nc4+ 58.Ke2 Nd6
59.Kf3 Bc4 60.Ke3 Ba2 61.Bd1 Nf7 62.Kd2 Nd6 63.Bc2 Nf7 64.Kc3 Kd6 65.Kb4 Be6
66.Bd3 Bd7 67.Bc4 Be6 68.Ba6 Bd7 69.Bd3 Be6  1/2-1/2

[Event "Naleczow"]
[Site "Naleczow"]
[Date "1988.??.??"]
[Round "13"]
[White "Wojtkiewicz, Aleksander"]
[Black "Andonov, Bogomil"]
[Result "1/2-1/2"]
[WhiteElo "2420"]
[BlackElo "2415"]

1.e4 c5 2.Nf3 Nc6 3.Bb5 Nf6 4.Nc3 g6 5.e5 Ng4 6.Bxc6 dxc6 7.h3 Nh6 8.O-O Bg7
9.d3 Nf5 10.Re1 O-O 11.Bf4 Be6 12.b3 b6 13.a4 Nd4 14.Nd2 f5 15.exf6 exf6
16.Nc4 Qd7 17.Ne4 f5 18.Ned2 Bd5 19.c3 Ne6 20.Be5 Bh6 21.Nf3 Nf4 22.d4 cxd4
23.Bxd4 c5 24.Be3 Rad8 25.Bxf4 Bxf4 26.Ne3 Be4 27.Qxd7 Rxd7 28.b4 cxb4 29.cxb4 Rfd8
30.Ng4 fxg4 31.Rxe4 Rd1+ 32.Rxd1 Rxd1+ 33.Re1 Rxe1+ 34.Nxe1 gxh3 35.gxh3 Kf7
36.Kf1 Bd6 37.Nc2 Kf6 38.Ke2 Kg5 39.Kf3 Kh4 40.Kg2 a6 41.b5 axb5 42.axb5 Bc5
43.Ne1 Kg5 44.f4+ Kh5 45.Kg3 Bd6 46.Nf3 h6 47.h4 Bb8 48.Nd4 g5  1/2-1/2

[Event "Rubinstein mem"]
[Site "Polanica Zdroj"]
[Date "1988.??.??"]
[Round "2"]
[White "Tseitlin, Mikhail S"]
[Black "Wojtkiewicz, Aleksander"]
[Result "0-1"]
[WhiteElo "2455"]
[BlackElo "2420"]

1.e4 g6 2.d4 Bg7 3.Nc3 d6 4.Nf3 Nd7 5.Bg5 c6 6.Qd2 Qc7 7.Be2 e5 8.O-O Ngf6
9.Rad1 h6 10.Bh4 b5 11.a3 a5 12.dxe5 dxe5 13.Bxf6 Bxf6 14.Bxb5 cxb5 15.Nxb5 Qc6
16.Nd6+ Ke7 17.b4 axb4 18.axb4 Nb6 19.c4 Be6 20.c5 Ra2 21.Qc1 Nd7 22.Rd2 Rha8
23.h3 Bg7 24.Rfd1 Rxd2 25.Rxd2 Qa4 26.Rb2 Rb8 27.Qc3 Nxc5 28.Nf5+ gxf5 29.Qxc5+ Ke8
30.Kh2 fxe4 31.Nxe5 Qb5  0-1

[Event "Rubinstein mem"]
[Site "Polanica Zdroj"]
[Date "1988.??.??"]
[Round "4"]
[White "Wojtkiewicz, Aleksander"]
[Black "Bronstein, David I"]
[Result "1-0"]
[WhiteElo "2420"]
[BlackElo "2455"]

1.e4 c6 2.d3 d5 3.Nd2 g6 4.Ngf3 Bg7 5.g3 e5 6.Bg2 Ne7 7.O-O O-O 8.Re1 d4
9.Nc4 b5 10.Ncd2 c5 11.a4 b4 12.Nc4 Nd7 13.Nfd2 Nb6 14.f4 f6 15.Rf1 Rb8 16.Nf3 Nxc4
17.dxc4 exf4 18.gxf4 Bg4 19.b3 Re8 20.h3 Bh5 21.Qd3 Nc8 22.Bd2 Rb7 23.Rae1 Rbe7
24.e5 Nb6 25.exf6 Bxf6 26.Rxe7 Rxe7 27.Re1 Rxe1+ 28.Nxe1 Qe7 29.Bf3 Bxf3
30.Qxf3 Qe6 31.Nd3 Be7 32.Ne5 a6 33.Qb7 Nc8 34.Kg2 Kg7 35.a5 g5 36.Qd5 Qf5
37.Nd3 Qxd5+ 38.cxd5 h6 39.Kf3 Kg6 40.fxg5 hxg5 41.Kg4  1-0

[Event "Rubinstein mem"]
[Site "Polanica Zdroj"]
[Date "1988.??.??"]
[Round "5"]
[White "Borges Mateos, Juan"]
[Black "Wojtkiewicz, Aleksander"]
[Result "1/2-1/2"]
[WhiteElo "2535"]
[BlackElo "2420"]

1.d4 Nf6 2.c4 c5 3.d5 d6 4.Nc3 g6 5.e4 Bg7 6.Bd3 O-O 7.Nge2 e6 8.O-O exd5
9.exd5 Ng4 10.b3 Nd7 11.h3 Nh6 12.Be3 Ne5 13.Qd2 Bf5 14.Bg5 Qa5 15.Bxf5 Nxf5
16.Rad1 Rfe8 17.Rfe1 a6 18.a4 h6 19.Bf4 Re7 20.Kf1 Rae8 21.Bxe5 Rxe5 22.Nb1 Qb6
23.Nc1 h5 24.Rxe5 Rxe5 25.Na3 Bh6 26.Qd3 Bxc1 27.Rxc1 Nd4 28.Rc3 Qa5 29.Nb1 Ne2
30.Qxe2 Rxe2 31.Kxe2 b5 32.axb5 axb5 33.Re3 bxc4 34.bxc4 Qa2+ 35.Nd2 Kf8
36.h4 Qc2 37.g3 Qc1 38.Re4 Qb2 39.Re3 Qa1 40.Re4 Qc3 41.Re3 Qc2 42.Re4 Qb2
43.Re3 Qf6 44.Rf3 Qd4 45.Rf4 Qc3 46.Re4 f6 47.Re3 Qb2 48.f4  1/2-1/2

[Event "Rubinstein mem"]
[Site "Polanica Zdroj"]
[Date "1988.??.??"]
[Round "7"]
[White "Petrosian, Arshak B"]
[Black "Wojtkiewicz, Aleksander"]
[Result "1-0"]
[WhiteElo "2460"]
[BlackElo "2420"]

1.d4 Nf6 2.c4 c5 3.d5 d6 4.Nc3 g6 5.e4 Bg7 6.Be2 O-O 7.Bg5 e6 8.Qd2 exd5
9.exd5 Re8 10.Nf3 Bg4 11.O-O Nbd7 12.h3 Bxf3 13.Bxf3 a6 14.a4 Qa5 15.Qc2 Re7
16.Bd2 Qc7 17.Rae1 Ne5 18.Be2 Rae8 19.f4 Ned7 20.Bf3 Rxe1 21.Bxe1 Nb6 22.b3 Nc8
23.Bd2 Na7 24.f5 b5 25.axb5 axb5 26.g4 b4 27.Ne2 Nd7 28.g5 Be5 29.Kg2 Nc8
30.h4 Ne7 31.Bg4 Nxf5 32.Bxf5 gxf5 33.Qxf5 Nf8 34.h5 Qd7 35.Qf3 h6 36.gxh6 Nh7
37.Ng3 Ra8 38.Rf2 Ra2 39.Bf4 Rxf2+ 40.Qxf2 Bd4 41.Qc2 Nf6 42.Qf5 Qxf5 43.Nxf5 Be5
44.Bxe5 dxe5 45.d6 Nd7 46.Kf3 Nf6 47.Ng3 Kh7 48.Ne4 Nd7 49.Kg4 Kxh6 50.Kf5 Kg7
51.Nf6 Nf8 52.Kxe5 Ne6 53.d7 Nd8 54.Ne4  1-0

[Event "Rubinstein mem"]
[Site "Polanica Zdroj"]
[Date "1988.??.??"]
[Round "8"]
[White "Wojtkiewicz, Aleksander"]
[Black "Borkowski, Franciszek"]
[Result "0-1"]
[WhiteElo "2420"]
[BlackElo "2410"]

1.Nf3 Nf6 2.c4 g6 3.g3 Bg7 4.Bg2 O-O 5.O-O d6 6.d4 c5 7.Nc3 Nc6 8.d5 Na5
9.Nd2 e5 10.b3 Ne8 11.Bb2 f5 12.f4 exf4 13.gxf4 Nf6 14.Qc2 a6 15.Rae1 b5
16.Nd1 Ra7 17.Nf2 Nh5 18.e3 Bxb2 19.Qxb2 Rg7 20.Qc3 g5 21.Nd3 b4 22.Qb2 Nb7
23.Re2 g4 24.Rfe1 Qh4 25.Nf1 Nd8 26.a3 a5 27.axb4 axb4 28.Ra1 g3 29.hxg3 Nxg3
30.Nxg3 Qxg3 31.Ree1 Kh8 32.Qf2 Qg4 33.Kf1 Nf7 34.Bf3 Qg6 35.Qb2 Ne5 36.fxe5 f4
37.e4 Qg1+ 38.Ke2 Qe3+ 39.Kd1 Qxd3+ 40.Kc1 Qxf3 41.exd6 Qg3 42.Kd2 f3 43.Kd3 f2+
44.Re3 Qg2  0-1

[Event "Rubinstein mem"]
[Site "Polanica Zdroj"]
[Date "1988.??.??"]
[Round "9"]
[White "Jasnikowski, Zbigniew"]
[Black "Wojtkiewicz, Aleksander"]
[Result "1-0"]
[WhiteElo "2425"]
[BlackElo "2420"]

1.d4 Nf6 2.c4 c5 3.d5 d6 4.Nc3 g6 5.e4 Bg7 6.Bd3 O-O 7.Nf3 e6 8.O-O exd5
9.exd5 Re8 10.h3 Nbd7 11.Bg5 h6 12.Bh4 Qb6 13.Qb3 a6 14.Rfe1 Qc7 15.Rxe8+ Nxe8
16.Re1 Ne5 17.Nxe5 dxe5 18.Na4 b5 19.cxb5 axb5 20.Bxb5 Rb8 21.Nc3 Nd6 22.a4 c4
23.Qd1 Bd7 24.Be7 Nxb5 25.d6 Qc5 26.axb5 f5 27.Qd2 e4 28.Rd1 Kf7 29.g3 Rb7
30.Bd8 Ke8 31.Bc7 Rxb5 32.Nxb5 Qxb5 33.Ba5 Bxb2 34.Bc3 Bxc3 35.Qxc3 Kf7 36.Qh8 Qc6
37.Qh7+ Kf8 38.Qxh6+ Kf7 39.Qh7+ Kf8  1-0

[Event "Rubinstein mem"]
[Site "Polanica Zdroj"]
[Date "1988.??.??"]
[Round "10"]
[White "Wojtkiewicz, Aleksander"]
[Black "Staniszewski, Piotr"]
[Result "1/2-1/2"]
[WhiteElo "2420"]
[BlackElo "2425"]

1.e4 c5 2.Nf3 d6 3.d4 cxd4 4.Nxd4 Nf6 5.Nc3 a6 6.Bg5 e6 7.f4 Qb6 8.Qd2 Qxb2
9.Rb1 Qa3 10.f5 Nc6 11.fxe6 fxe6 12.Nxc6 bxc6 13.e5 dxe5 14.Bxf6 gxf6 15.Ne4 Be7
16.Be2 h5 17.Rb3 Qa4 18.Nxf6+ Bxf6 19.c4 Bh4+ 20.g3 Be7 21.O-O Ra7 22.Rb8 Rc7
23.Kh1 h4 24.Qd3 c5 25.Qg6+ Kd8 26.Qg7 Re8 27.Qxe5 Rf8 28.Rxf8+ Bxf8 29.Qxe6 Qc6+
30.Qxc6 Rxc6 31.Bg4 hxg3 32.hxg3 Bd6 33.Ra8 Bxg3 34.Kg2 Be5 35.Kf3 Rf6+ 36.Ke3 Kc7
37.Rxc8+ Kb6  1/2-1/2

[Event "Rubinstein mem"]
[Site "Polanica Zdroj"]
[Date "1988.??.??"]
[Round "11"]
[White "Teske, Henrik"]
[Black "Wojtkiewicz, Aleksander"]
[Result "0-1"]
[WhiteElo "2405"]
[BlackElo "2420"]

1.e4 c5 2.Nf3 d6 3.c3 Nf6 4.Bd3 Bg4 5.h3 Bh5 6.Bc2 e6 7.O-O Nc6 8.d3 d5 9.Nbd2 Qc7
10.a3 a5 11.Qe2 Be7 12.Re1 O-O 13.Nf1 a4 14.Ng3 Bg6 15.Bd2 h6 16.Rad1 Rfd8
17.Bc1 b5 18.exd5 Nxd5 19.Ne4 Nf4 20.Qf1 Bh5 21.g4 Bg6 22.Be3 Na5 23.d4 Nc4
24.Bc1 cxd4 25.Nxd4 Rd5 26.Ne2 Nxe2+ 27.Qxe2 Rad8 28.Rxd5 exd5 29.Ng3 Bc5
30.Kg2 Bxc2 31.Qxc2 d4 32.cxd4 Bxa3 33.Nf5 Bf8 34.Kg1 Qd7 35.b3 axb3 36.Qxb3 Qd5
37.Qd3 Ne5 38.Rxe5 Qxe5 39.Bb2 Qe1+ 40.Kg2 Qb4 41.Qe2 g6 42.Ng3 Bg7 43.Ne4 Bxd4
44.Nf6+ Kg7 45.Ne8+  0-1

[Event "Rubinstein mem"]
[Site "Polanica Zdroj"]
[Date "1988.??.??"]
[Round "12"]
[White "Wojtkiewicz, Aleksander"]
[Black "Chernin, Alexander"]
[Result "1-0"]
[WhiteElo "2420"]
[BlackElo "2565"]

1.e4 e6 2.d4 d5 3.Nc3 Bb4 4.a3 Bxc3+ 5.bxc3 Ne7 6.Bd3 c5 7.Qg4 dxe4 8.Qxe4 Bd7
9.Ne2 Bc6 10.Qg4 cxd4 11.cxd4 O-O 12.O-O Nd7 13.Bg5 Re8 14.c4 Nf8 15.Rfd1 Qa5
16.Bd2 Qc7 17.Bc3 Neg6 18.h4 f5 19.Qh3 Nf4 20.Nxf4 Qxf4 21.d5 exd5 22.cxd5 Bxd5
23.Qxf5 Qxf5 24.Bxf5 Bc6 25.Rd3 Be4 26.Rg3 g6 27.Bg4 Ne6 28.Re1 Nc5 29.Rge3 Bc6
30.Bd4 Rxe3 31.Rxe3 Ne4 32.f3 Ng3 33.Re7 Re8 34.Rxe8+ Bxe8 35.Bxa7 Nf5 36.h5 Kf7
37.f4 Bc6 38.Kf2 Nd6 39.Be2 Kf6 40.Bd4+ Kf5 41.Be5 Ne4+ 42.Ke3 Ng3 43.Bd3+ Ke6
44.hxg6 hxg6 45.Bxg6 Nf5+ 46.Kf2 Nh4 47.Bh5 Nxg2 48.Bg4+ Kf7 49.f5 Nh4 50.Kg3 Ng2
51.Kf2 Nh4 52.Bg3 Nxf5 53.Bxf5 Kf6 54.Bc8 Ke7 55.Bc7 b5 56.Ke3 Bd7 57.Bb7 Be6
58.Kd4 Kd7 59.Bg3 Bc4 60.Kc5 Bd3 61.Kb6 Bc4 62.Ba6  1-0

[Event "Rubinstein mem"]
[Site "Polanica Zdroj"]
[Date "1988.??.??"]
[Round "15"]
[White "Levitt, Jonathan"]
[Black "Wojtkiewicz, Aleksander"]
[Result "1/2-1/2"]
[WhiteElo "2485"]
[BlackElo "2420"]

1.d4 Nf6 2.Nf3 g6 3.c4 Bg7 4.Nc3 O-O 5.e4 d6 6.Be2 e5 7.dxe5 dxe5 8.Qxd8 Rxd8
9.Bg5 Na6 10.Nd5 Rd6 11.Nxf6+ Bxf6 12.Bxf6 Rxf6 13.Nxe5 Re6 14.Ng4 h5 15.Ne3 Rxe4  1/2-1/2

[Event "Nordic-tt"]
[Site "Aabybro"]
[Date "1989.??.??"]
[Round "?"]
[White "Mortensen, Erling"]
[Black "Wojtkiewicz, Aleksander"]
[Result "1/2-1/2"]
[WhiteElo "2475"]
[BlackElo "2475"]

1.e4 c5 2.Nc3 e6 3.Nf3 d6 4.d4 cxd4 5.Nxd4 a6 6.f4 Nf6 7.Be2 Be7 8.O-O O-O
9.Be3 Qc7 10.g4 Nc6 11.g5 Nd7 12.Bd3 Re8 13.Nxc6 bxc6 14.Rf3 g6 15.Rh3 e5
16.f5 Nf8 17.Rg3 Rb8 18.b3 Qa5 19.Bd2 Qc5+ 20.Kg2 d5 21.f6 Bd8 22.Qf3 Ne6
23.Ne2 Ba5 24.Be3 d4 25.Bg1 Bd2 26.h4 Nf4+ 27.Kh1 h5 28.Bxd4 exd4 29.Nxf4 Bg4
30.Rxg4 hxg4 31.Qxg4 Bxf4 32.Qxf4 Qe5 33.Qg4 Kh7 34.Rg1 a5 35.Rg3 Rh8 36.Kg2 Kg8
37.Bc4 Rd8 38.a4 Kf8 39.Rh3 Ke8 40.Kf3 Rh5 41.Qf4 Qxf4+ 42.Kxf4 Rd7 43.e5 Kf8
44.Bd3 Rd5 45.e6 fxe6 46.Bxg6 Rdxg5 47.Bxh5 Rxh5 48.Ke4 c5 49.c3 dxc3 50.Kd3 Kf7
51.Kxc3 Kxf6 52.Kc4 Kf5 53.Rh1 Kg4 54.Re1 Kf5 55.Rh1 Kg4 56.Kb5 Kf3 57.Kxa5 c4+
58.Kb6 cxb3 59.Rh3+ Kg2 60.Rxb3 Rxh4 61.a5 e5 62.a6 Kf2 63.Rb2+ Kf3 64.Ra2 e4
65.a7 Rh8 66.a8=Q Rxa8 67.Rxa8 e3 68.Re8  1/2-1/2

[Event "Nordic-tt"]
[Site "Aabybro"]
[Date "1989.??.??"]
[Round "?"]
[White "Schmittdiel, Eckhard"]
[Black "Wojtkiewicz, Aleksander"]
[Result "1-0"]
[WhiteElo "2435"]
[BlackElo "2475"]

1.e4 c5 2.c3 d5 3.exd5 Qxd5 4.d4 Nf6 5.Nf3 e6 6.Nbd2 Nc6 7.Bc4 Qd8 8.Nb3 cxd4
9.Nbxd4 Nxd4 10.Nxd4 Qc7 11.Qe2 a6 12.Bg5 Be7 13.O-O O-O 14.Rfe1 Nd5 15.Bxe7 Nxe7
16.Rad1 Ng6 17.Bd3 Bd7 18.Qh5 Rac8 19.Nf3 Be8 20.Bxg6 fxg6 21.Qh3 h6 22.Nd4 Bd7
23.Nxe6 Qc6 24.Rxd7 Qxd7 25.Nxf8 Qxh3 26.gxh3 Kxf8 27.Re6 g5 28.Rb6 Rc7 29.Kg2 Rf7
30.c4 Ke8 31.c5 Kd8 32.c6 bxc6 33.Rxc6 Ra7 34.Kg3 Ke8 35.b3 a5 36.Rc4 Rd7
37.Ra4 Rd5 38.h4 gxh4+ 39.Rxh4 Kf7 40.Rf4+ Kg6 41.f3 Rd2 42.Ra4 Rd5 43.Rg4+ Kf6
44.h4 Rd2 45.Ra4 Rd5 46.Kg4 Rb5 47.Kg3 Rd5 48.Kf2 Kg6 49.Ke3 Rc5 50.Rc4 Re5+
51.Re4 Rc5 52.Rg4+ Kf6 53.Rc4 Re5+ 54.Kd4 Rh5 55.Kd3 Rd5+ 56.Rd4 Rf5 57.Ke3 Re5+
58.Re4 Rd5 59.Rf4+ Kg6 60.Ke2 Rd6 61.a3 Rd5 62.b4 axb4 63.axb4 Kh5 64.Rc4 Kg6
65.Rf4 Kh5 66.Rg4 Re5+ 67.Kf2 Rb5 68.Kg3 Rb6 69.Rc4 Kg6 70.Kf4 Kf6 71.Ke4 Ke6
72.Rd4 Rb5 73.Kd3 Rf5 74.f4 g6 75.Kc4 Rf8 76.b5 Kf5 77.b6 Kg4 78.Kc5 Kxh4
79.f5+ Kg5 80.fxg6 Kxg6 81.Rd5 h5 82.b7 h4 83.Kc6 h3 84.Rd3 Rf6+ 85.Kc5 Rf5+
86.Kc4 h2 87.Rg3+  1-0

[Event "Nordic-tt"]
[Site "Aabybro"]
[Date "1989.??.??"]
[Round "?"]
[White "Wojtkiewicz, Aleksander"]
[Black "Hjartarson, Johann"]
[Result "1-0"]
[WhiteElo "2475"]
[BlackElo "2555"]

1.Nf3 Nf6 2.c4 c5 3.g3 b6 4.Bg2 Bb7 5.O-O e6 6.Nc3 Be7 7.d4 cxd4 8.Qxd4 d6
9.Rd1 a6 10.Bg5 Nbd7 11.Qd2 Qc8 12.Bf4 Nc5 13.Qe3 Ng4 14.Qd2 Nf6 15.Qe3 Qc7
16.b4 Ncd7 17.Qd2 Qxc4 18.Bxd6 Bxd6 19.Qxd6 Qxc3 20.Rac1 Qb2 21.Rc7 Bd5 22.e4 Qxf2+
23.Kh1 Qe2 24.Re1 Qxa2 25.Rxd7 Nxd7 26.exd5 Rc8 27.dxe6 fxe6 28.Ng5 Rc2 29.Rd1 Qa4  1-0

[Event "Nordic-tt"]
[Site "Aabybro"]
[Date "1989.??.??"]
[Round "?"]
[White "Wojtkiewicz, Aleksander"]
[Black "Kristensen, Leif"]
[Result "1-0"]
[WhiteElo "2475"]
[BlackElo "2290"]

1.Nf3 f5 2.g3 Nf6 3.Bg2 e6 4.O-O d5 5.c4 c6 6.d3 Be7 7.b3 O-O 8.Bb2 b6 9.Nbd2 c5
10.e4 dxe4 11.dxe4 Bb7 12.exf5 exf5 13.Re1 Nc6 14.Qe2 Qc8 15.Ng5 Re8 16.Bxf6 Bxf6
17.Bd5+  1-0

[Event "Nordic-tt"]
[Site "Aabybro"]
[Date "1989.??.??"]
[Round "?"]
[White "Wojtkiewicz, Aleksander"]
[Black "Ostenstad, Berge"]
[Result "1-0"]
[WhiteElo "2475"]
[BlackElo "2430"]

1.Nf3 Nf6 2.c4 e6 3.g3 b6 4.Bg2 Bb7 5.Nc3 Be7 6.O-O O-O 7.d4 Ne4 8.Bd2 f5
9.Rc1 Bf6 10.Qc2 a5 11.Rfd1 Na6 12.a3 Qe7 13.d5 Nac5 14.b4 axb4 15.axb4 Bxc3
16.Bxc3 Nxc3 17.Qxc3 Ne4 18.Qb3 Kh8 19.Nd4 Rab8 20.Nb5 c6 21.d6 Qf6 22.Nc7 c5
23.f3 Ng5 24.bxc5 bxc5 25.Rb1 f4 26.Na6 Bxa6 27.Qxb8 Bxc4 28.Qb2 e5 29.Rbc1 Qe6
30.Rc3 fxg3 31.hxg3 Nh3+ 32.Bxh3 Qxh3 33.Rxc4 Qxg3+ 34.Kf1 e4 35.Rxe4 Rxf3+
36.exf3 Qxf3+ 37.Kg1 Qxd1+ 38.Kg2 h6 39.Qe5 Qd3 40.Re3 Qd2+ 41.Kh3 Qd1 42.Qe8+ Kh7
43.Qe4+ Kh8 44.Qf3 Qxd6 45.Re8+ Kh7 46.Qf5+ Qg6 47.Rh8+  1-0

[Event "Bad Mergentheim op"]
[Site "Bad Mergentheim"]
[Date "1989.??.??"]
[Round "?"]
[White "Haag, Wolfgang"]
[Black "Wojtkiewicz, Aleksander"]
[Result "0-1"]
[WhiteElo "2265"]
[BlackElo "2475"]

1.d4 Nf6 2.c4 c5 3.Nf3 cxd4 4.Nxd4 e6 5.Nc3 Bb4 6.Nb5 d5 7.Bf4 O-O 8.e3 a6
9.Nd4 Qa5 10.Qc2 Ne4 11.Ne2 e5 12.Bxe5 Nc6 13.Bd4 Nxd4 14.exd4 Bf5 15.Qc1 Rfe8
16.a3 Bxc3+ 17.bxc3 Nxc3 18.Qd2 Rxe2+ 19.Bxe2 Re8 20.Kf1 Rxe2 21.Re1 Rxe1+
22.Qxe1 Bd3+  0-1

[Event "Bad Mergentheim op"]
[Site "Bad Mergentheim"]
[Date "1989.??.??"]
[Round "?"]
[White "Vetemaa, Juri"]
[Black "Wojtkiewicz, Aleksander"]
[Result "0-1"]
[WhiteElo "2400"]
[BlackElo "2475"]

1.e4 c5 2.Nf3 d6 3.d4 cxd4 4.Qxd4 a6 5.c4 Nc6 6.Qe3 Nf6 7.Nc3 g6 8.Bd2 Bg7
9.O-O-O O-O 10.h4 Ng4 11.Qe1 Qb6 12.Be3 Nxe3 13.fxe3 h5 14.Qd2 Bg4 15.Be2 Rac8
16.Kb1 e6 17.Ng5 Bxc3  0-1

[Event "Cattolica op"]
[Site "Cattolica"]
[Date "1989.??.??"]
[Round "?"]
[White "Wojtkiewicz, Aleksander"]
[Black "Strikovic, Aleksa"]
[Result "1/2-1/2"]
[WhiteElo "2460"]
[BlackElo "2490"]

1.Nf3 g6 2.d4 Bg7 3.c4 d6 4.g3 Nd7 5.Bg2 e5 6.O-O Ne7 7.Nc3 O-O 8.e4 exd4
9.Nxd4 Nc6 10.Nde2 Re8 11.b3 Nc5 12.Be3 a5 13.Rc1 Bg4  1/2-1/2

[Event "Cattolica op"]
[Site "Cattolica"]
[Date "1989.??.??"]
[Round "?"]
[White "Wojtkiewicz, Aleksander"]
[Black "Casadei, Mauro"]
[Result "1-0"]
[WhiteElo "2460"]
[BlackElo "2205"]

1.Nf3 c5 2.c4 Nf6 3.g3 Nc6 4.Bg2 d5 5.cxd5 Nxd5 6.Nc3 Nc7 7.Qa4 Bd7 8.Qe4 g6
9.Ne5 Bg7 10.Nxd7 Qxd7 11.O-O O-O 12.Qa4 Rfd8 13.d3 Ne6 14.Be3 Ncd4 15.Qxd7 Rxd7
16.Rac1 Rad8 17.b3 b6 18.Rfd1 Kf8 19.Kf1 Kg8 20.Bd2 Nf5 21.Be4 Nd6 22.Bc6 Bxc3
23.Bxc3 Rc7 24.Bg2 f6 25.e3 Nf5 26.Ke2 Rcd7 27.Bb2 Kf7 28.Bc3 Kg8 29.b4 cxb4
30.Bxb4 Kf7 31.d4 h5 32.Bc6 Rc7 33.d5 Nc5 34.Bxc5 bxc5 35.Rxc5 Rdc8 36.Ra5 Nd6
37.Rb1 Nc4 38.Ra6 Nd6 39.Rb4 f5 40.f3 e6 41.Rba4 Kf6 42.Rxa7 exd5 43.Rxc7 Rxc7
44.Bxd5 Rc2+ 45.Kd3 Rxh2 46.Ra6 Ke5 47.Bb3  1-0